<?xml version="1.0" encoding="UTF-8"?><record xmlns="http://www.loc.gov/MARC21/slim" xmlns:zs="http://docs.oasis-open.org/ns/search-ws/sruResponse">
  <leader>04773cz  a2200841n  4500</leader>
  <controlfield tag="001">n  79130881 </controlfield>
  <controlfield tag="003">DLC</controlfield>
  <controlfield tag="005">20250724064602.0</controlfield>
  <controlfield tag="008">800117n| azannaabn          |b aaa      </controlfield>
  <datafield ind1=" " ind2=" " tag="010">
    <subfield code="a">n  79130881 </subfield>
    <subfield code="z">sh 85088279 </subfield>
  </datafield>
  <datafield ind1=" " ind2=" " tag="016">
    <subfield code="a">0009F4751E</subfield>
  </datafield>
  <datafield ind1="7" ind2=" " tag="024">
    <subfield code="a">Q9458</subfield>
    <subfield code="2">wikidata</subfield>
    <subfield code="1">http://www.wikidata.org/entity/Q9458</subfield>
  </datafield>
  <datafield ind1="7" ind2=" " tag="024">
    <subfield code="a">E39PBJhd8PHkBD6FcBm7rVKGHC</subfield>
    <subfield code="2">worldcat</subfield>
    <subfield code="1">https://id.oclc.org/worldcat/entity/E39PBJhd8PHkBD6FcBm7rVKGHC</subfield>
  </datafield>
  <datafield ind1="7" ind2=" " tag="024">
    <subfield code="a">97245226</subfield>
    <subfield code="2">viaf</subfield>
    <subfield code="1">http://www.viaf.org/viaf/97245226</subfield>
  </datafield>
  <datafield ind1="7" ind2=" " tag="024">
    <subfield code="a">500404139</subfield>
    <subfield code="2">gettyulan</subfield>
    <subfield code="0">http://vocab.getty.edu/ulan/500404139</subfield>
    <subfield code="1">http://vocab.getty.edu/ulan/500404139-agent</subfield>
  </datafield>
  <datafield ind1="7" ind2=" " tag="024">
    <subfield code="a">0000000121032851</subfield>
    <subfield code="2">isni</subfield>
    <subfield code="1">https://isni.org/isni/0000000121032851</subfield>
  </datafield>
  <datafield ind1="7" ind2=" " tag="024">
    <subfield code="a">1836298</subfield>
    <subfield code="2">fast</subfield>
    <subfield code="0">http://id.worldcat.org/fast/1836298</subfield>
  </datafield>
  <datafield ind1=" " ind2=" " tag="035">
    <subfield code="a">(OCoLC)oca00362338</subfield>
  </datafield>
  <datafield ind1=" " ind2=" " tag="040">
    <subfield code="a">DLC</subfield>
    <subfield code="b">eng</subfield>
    <subfield code="e">rda</subfield>
    <subfield code="c">DLC</subfield>
    <subfield code="d">DLC</subfield>
    <subfield code="d">DLC-R</subfield>
    <subfield code="d">DLC</subfield>
    <subfield code="d">OCoLC</subfield>
    <subfield code="d">UPB</subfield>
    <subfield code="d">OCoLC</subfield>
    <subfield code="d">UPB</subfield>
    <subfield code="d">WU</subfield>
    <subfield code="d">DLC</subfield>
    <subfield code="d">ICRL</subfield>
    <subfield code="d">CaOONL</subfield>
    <subfield code="d">DLC</subfield>
    <subfield code="d">WaU</subfield>
  </datafield>
  <datafield ind1=" " ind2=" " tag="042">
    <subfield code="a">nlc</subfield>
  </datafield>
  <datafield ind1=" " ind2=" " tag="046">
    <subfield code="f">0570~</subfield>
    <subfield code="g">0632-06-08</subfield>
    <subfield code="2">edtf</subfield>
  </datafield>
  <datafield ind1="0" ind2=" " tag="100">
    <subfield code="a">Muḥammad,</subfield>
    <subfield code="c">Prophet,</subfield>
    <subfield code="d">-632</subfield>
  </datafield>
  <datafield ind1=" " ind2=" " tag="368">
    <subfield code="c">Arabs</subfield>
    <subfield code="2">lcdgt</subfield>
    <subfield code="0">http://id.loc.gov/authorities/demographicTerms/dg2015060316</subfield>
  </datafield>
  <datafield ind1=" " ind2=" " tag="368">
    <subfield code="c">Muslims</subfield>
    <subfield code="2">lcdgt</subfield>
    <subfield code="0">http://id.loc.gov/authorities/demographicTerms/dg2015060256</subfield>
  </datafield>
  <datafield ind1=" " ind2=" " tag="368">
    <subfield code="d">Prophet</subfield>
  </datafield>
  <datafield ind1=" " ind2=" " tag="370">
    <subfield code="a">Mecca (Saudi Arabia)</subfield>
    <subfield code="2">naf</subfield>
    <subfield code="0">http://id.loc.gov/authorities/names/n79032243</subfield>
    <subfield code="1">http://id.loc.gov/rwo/agents/n79032243</subfield>
  </datafield>
  <datafield ind1=" " ind2=" " tag="370">
    <subfield code="b">Medina (Saudi Arabia)</subfield>
    <subfield code="2">naf</subfield>
    <subfield code="0">http://id.loc.gov/authorities/names/n81058909</subfield>
    <subfield code="1">http://id.loc.gov/rwo/agents/n81058909</subfield>
  </datafield>
  <datafield ind1=" " ind2=" " tag="370">
    <subfield code="c">Saudi Arabia</subfield>
    <subfield code="2">naf</subfield>
    <subfield code="0">http://id.loc.gov/authorities/names/n80131611</subfield>
    <subfield code="1">http://id.loc.gov/rwo/agents/n80131611</subfield>
  </datafield>
  <datafield ind1=" " ind2=" " tag="370">
    <subfield code="f">Islamic countries</subfield>
    <subfield code="2">lcsh</subfield>
    <subfield code="0">http://id.loc.gov/authorities/subjects/sh85068436</subfield>
  </datafield>
  <datafield ind1=" " ind2=" " tag="374">
    <subfield code="a">Prophets</subfield>
    <subfield code="2">lcsh</subfield>
    <subfield code="0">http://id.loc.gov/authorities/subjects/sh85107528</subfield>
  </datafield>
  <datafield ind1=" " ind2=" " tag="374">
    <subfield code="a">Religious leaders</subfield>
    <subfield code="2">lcsh</subfield>
    <subfield code="0">http://id.loc.gov/authorities/subjects/sh2001004401</subfield>
  </datafield>
  <datafield ind1=" " ind2=" " tag="377">
    <subfield code="a">ara</subfield>
    <subfield code="0">http://id.loc.gov/vocabulary/languages/ara</subfield>
  </datafield>
  <datafield ind1="0" ind2=" " tag="400">
    <subfield code="a">Magomet,</subfield>
    <subfield code="c">Prophet,</subfield>
    <subfield code="d">-632</subfield>
  </datafield>
  <datafield ind1="0" ind2=" " tag="400">
    <subfield code="a">Maḥmūd,</subfield>
    <subfield code="c">Prophet,</subfield>
    <subfield code="d">-632</subfield>
  </datafield>
  <datafield ind1="0" ind2=" " tag="400">
    <subfield code="a">Mahoma,</subfield>
    <subfield code="c">Prophet,</subfield>
    <subfield code="d">-632</subfield>
  </datafield>
  <datafield ind1="0" ind2=" " tag="400">
    <subfield code="a">Mahomed,</subfield>
    <subfield code="c">Prophet,</subfield>
    <subfield code="d">-632</subfield>
  </datafield>
  <datafield ind1="0" ind2=" " tag="400">
    <subfield code="a">Mahomet,</subfield>
    <subfield code="c">Prophet,</subfield>
    <subfield code="d">-632</subfield>
  </datafield>
  <datafield ind1="0" ind2=" " tag="400">
    <subfield code="a">Mahometto,</subfield>
    <subfield code="c">Prophet,</subfield>
    <subfield code="d">-632</subfield>
  </datafield>
  <datafield ind1="0" ind2=" " tag="400">
    <subfield code="a">Maometto,</subfield>
    <subfield code="c">Prophet,</subfield>
    <subfield code="d">-632</subfield>
  </datafield>
  <datafield ind1="0" ind2=" " tag="400">
    <subfield code="a">Mohammad,</subfield>
    <subfield code="c">Prophet,</subfield>
    <subfield code="d">-632</subfield>
  </datafield>
  <datafield ind1="0" ind2=" " tag="400">
    <subfield code="a">Mohammed,</subfield>
    <subfield code="c">Prophet,</subfield>
    <subfield code="d">-632</subfield>
  </datafield>
  <datafield ind1="0" ind2=" " tag="400">
    <subfield code="a">Mu-han-mo-te,</subfield>
    <subfield code="c">Prophet,</subfield>
    <subfield code="d">-632</subfield>
  </datafield>
  <datafield ind1="0" ind2=" " tag="400">
    <subfield code="a">Muḥamad,</subfield>
    <subfield code="c">Prophet,</subfield>
    <subfield code="d">-632</subfield>
  </datafield>
  <datafield ind1="0" ind2=" " tag="400">
    <subfield code="w">nnea</subfield>
    <subfield code="a">Muḥammad,</subfield>
    <subfield code="c">Prophet,</subfield>
    <subfield code="d">d. 632</subfield>
  </datafield>
  <datafield ind1="0" ind2=" " tag="400">
    <subfield code="w">nnaa</subfield>
    <subfield code="a">Muḥammad,</subfield>
    <subfield code="c">the prophet</subfield>
  </datafield>
  <datafield ind1="0" ind2=" " tag="400">
    <subfield code="a">Mukhammed,</subfield>
    <subfield code="c">Prophet,</subfield>
    <subfield code="d">-632</subfield>
  </datafield>
  <datafield ind1="0" ind2=" " tag="400">
    <subfield code="a">Nabi Muhammad,</subfield>
    <subfield code="c">Prophet,</subfield>
    <subfield code="d">-632</subfield>
  </datafield>
  <datafield ind1="0" ind2=" " tag="400">
    <subfield code="a">מוחמד,</subfield>
    <subfield code="c">Prophet,</subfield>
    <subfield code="d">-632</subfield>
  </datafield>
  <datafield ind1="0" ind2=" " tag="400">
    <subfield code="a">מוחמד,</subfield>
    <subfield code="c">הנביא,</subfield>
    <subfield code="d">-632</subfield>
  </datafield>
  <datafield ind1="0" ind2=" " tag="400">
    <subfield code="a">محمد,</subfield>
    <subfield code="c">Prophet,</subfield>
    <subfield code="d">-632</subfield>
  </datafield>
  <datafield ind1="0" ind2=" " tag="400">
    <subfield code="a">محمد الرسول,</subfield>
    <subfield code="c">Prophet,</subfield>
    <subfield code="d">-632</subfield>
  </datafield>
  <datafield ind1="0" ind2=" " tag="400">
    <subfield code="a">محمد النبي,</subfield>
    <subfield code="c">Prophet,</subfield>
    <subfield code="d">-632</subfield>
  </datafield>
  <datafield ind1="0" ind2=" " tag="400">
    <subfield code="a">محمد</subfield>
    <subfield code="c">رسول الله,</subfield>
    <subfield code="d">-632</subfield>
  </datafield>
  <datafield ind1="0" ind2=" " tag="400">
    <subfield code="a">محمد</subfield>
    <subfield code="c">رسول اکرم,</subfield>
    <subfield code="d">-632</subfield>
  </datafield>
  <datafield ind1="0" ind2=" " tag="400">
    <subfield code="a">محمد،</subfield>
    <subfield code="c">الرسول,</subfield>
    <subfield code="d">-632</subfield>
  </datafield>
  <datafield ind1="0" ind2=" " tag="400">
    <subfield code="a">محمد،</subfield>
    <subfield code="c">النابي,</subfield>
    <subfield code="d">-632</subfield>
  </datafield>
  <datafield ind1="0" ind2=" " tag="400">
    <subfield code="a">محمد،</subfield>
    <subfield code="c">النبي,</subfield>
    <subfield code="d">-632</subfield>
  </datafield>
  <datafield ind1="0" ind2=" " tag="400">
    <subfield code="a">محمد،</subfield>
    <subfield code="c">رسول,</subfield>
    <subfield code="d">-632</subfield>
  </datafield>
  <datafield ind1="0" ind2=" " tag="400">
    <subfield code="a">محمد،</subfield>
    <subfield code="c">رسول‌الله,</subfield>
    <subfield code="d">-632</subfield>
  </datafield>
  <datafield ind1="0" ind2=" " tag="400">
    <subfield code="a">محمد،</subfield>
    <subfield code="c">پيامبر,</subfield>
    <subfield code="d">-632</subfield>
  </datafield>
  <datafield ind1="0" ind2=" " tag="400">
    <subfield code="a">محمد،</subfield>
    <subfield code="c">نبى,</subfield>
    <subfield code="d">-632</subfield>
  </datafield>
  <datafield ind1=" " ind2=" " tag="667">
    <subfield code="a">Machine-derived non-Latin script reference project.</subfield>
  </datafield>
  <datafield ind1=" " ind2=" " tag="667">
    <subfield code="a">Non-Latin script references not evaluated.</subfield>
  </datafield>
  <datafield ind1=" " ind2=" " tag="667">
    <subfield code="a">Heading based on the form: Prophet Muḥammad. Approved by ALA Comm. on Cataloging: Asian and African Materials, June 30, 1986.</subfield>
  </datafield>
  <datafield ind1=" " ind2=" " tag="670">
    <subfield code="a">Luther, A. R. Epic of faith, 1981:</subfield>
    <subfield code="b">t.p. (Mohammad)</subfield>
  </datafield>
  <datafield ind1=" " ind2=" " tag="670">
    <subfield code="a">Encyc. Brit., c1978</subfield>
    <subfield code="b">(Muḥammad; full form of name: Abū al-Qāsim Muḥammad ibn ʻAbd Allāh ibn ʻAbd al-Muṭṭalib ibn Hāshim; b. c. 570; d. 632)</subfield>
  </datafield>
  <datafield ind1=" " ind2=" " tag="670">
    <subfield code="a">Encyc. Amer., c1975</subfield>
    <subfield code="b">(Mohammed; b. betw. 570 &amp; 571; d. 632)</subfield>
  </datafield>
  <datafield ind1=" " ind2=" " tag="670">
    <subfield code="a">Collier's, c1973</subfield>
    <subfield code="b">(Muhammad; also spelled Mohammed; b. c. 570; d. 632)</subfield>
  </datafield>
  <datafield ind1=" " ind2=" " tag="670">
    <subfield code="a">LC data base, 6/2/86</subfield>
    <subfield code="b">(hdg.: Muhammad, d. 632; most frequent usage (58 percent) in publication titles is name alone, without a title or epithet; next most frequent (25 percent) is "Prophet Muhammad")</subfield>
  </datafield>
  <datafield ind1=" " ind2=" " tag="670">
    <subfield code="a">Vernet Ginés, J. Mahoma, c1987.</subfield>
  </datafield>
  <datafield ind1=" " ind2=" " tag="670">
    <subfield code="a">Ḥen, Z. Ḥaye beśorah, c1979:</subfield>
    <subfield code="b">t.p. (Muḥamad)</subfield>
  </datafield>
  <datafield ind1=" " ind2=" " tag="670">
    <subfield code="a">Britannica Academic Edition, viewed via the WWW January 11, 2013</subfield>
    <subfield code="b">(Muhammad, in full Abū al-Qāsim Muḥammad ibn ʻAbd Allāh ibn ʻAbd al-Muṭṭalib ibn Hāshim (born 570, Mecca, Arabia [now in Saudi Arabia] --died June 8, 632, Medina), founder of the religion of Islam, accepted by Muslims throughout the world as the last of the prophets of God.)</subfield>
  </datafield>
  <datafield ind1=" " ind2=" " tag="670">
    <subfield code="a">Rasūl-i Akram aur ham, 2020:</subfield>
    <subfield code="b">t.p. (رسول اکرم = Rasūl-i Akram) t.p. verso (Rasūl-i Akram ṣallá Allāh ʻalayhi va-sallam)</subfield>
  </datafield>
</record>
